000 02066cab a2200493 4500
001 ABS53343
008 090401t1995 xxu||||| |||| 00| 0 eng d
035 _a(Sirsi) u3654
041 _aeng
100 _aWilliams, D.
245 _aArbitration: a review of recent case law
260 _c1995
350 _a0
490 _aEstates Gazette
_v(95320 12 August 1995, 60-63(4)
520 _aA round-up of recent arbitration case law covering costs, extension of time challenging awards and leave to appeal.
650 _aA B B POWER PLANTS LTD V ELECTRICITY COMMISSION OF NEW SOUTH
650 _aALLISON V KITELY
650 _aAMEGO LITHO LTD V SCANWAY LTD
650 _aARNOLD V NATIONAL WESTMINSTER BANK PLC
650 _aAUGHTON V MF KENT SERVICES LTD
650 _aBEN BARRETT & SON (BRICKWORTH) LTD V HENRY BOOT MANAGEMENT
650 _aCHRISTIANI V NIELSEN LTD V BIRMINGHAM CC
650 _aCOOPERATIVE WHOLESALE SOCIETY LTD V SAUNDERS & TAYLOR
650 _aCROWN ESTATE COMMISSIONERS V JOHN MOWLEM AND CO LTD
650 _aCRUDEN CONSTRUCTION LTD V NEW TOWNS COMMISSION
650 _aDF MOONEY V HENRY BOOT CONSTRUCTION LTD
650 _aEURIPIDES V GASCOYNE HOLDINGS LTD
650 _aFLETAMENTOS MARITMOS SA V EFFIJOHN INTERNATIONAL C
650 _aFORDGATE BINGLEY LTD V ARGYLL STORES LTD
650 _aINSURANCE CO V LLOYDS SYNDICATE
650 _aLAND SECURITIES PLC V WESTMINSTER CC (NO 2) 1995
650 _aLONDON & LEEDS ESTATES LTC V PARIBAS LTD (NO 2)
650 _aMANGISTAUMUNAIGAZ OIL PRODUCTION ASSOCIATION
650 _aMOUNT CHARLOTTE INVESTMENTS PLC V PRUDENTIAL ASSURANCE
650 _aREADING UNIVERSITY V MILLER CONSTRUCTION
650 _aRIPPIN GROUP LTD V ITP INTERPIPE SA
650 _aSCHUMACHER V LAUREL ISLAND LM " THE SABTA CRYZ TRES"
650 _aSILO-WARD GMBH V CRONTEC MANUFACTURING PTY LTD
650 _aSOS ENVIRONMENT V EUSTON CENTRE INVESTMENTS LTD
650 _aUNITED WORLD TRADING INCORPORATED
690 _aARBITRATION-CASE LAW
942 _n0
948 _c04/03/1997
999 _c2244
_d2244